Online
Catalog

Los intelectuales y el poder II / (Record no. 37995)

MARC details
000 -CABECERA
campo de control de longitud fija 01717nam a2200289 a 4500
001 - NÚMERO DE CONTROL
campo de control 000038505
003 - IDENTIFICADOR DEL NÚMERO DE CONTROL
campo de control DO-SdBNP
005 - FECHA Y HORA DE LA ÚLTIMA TRANSACCIÓN
campo de control 20240301073825.0
007 - CAMPO FIJO DE DESCRIPCIÓN FÍSICA--INFORMACIÓN GENERAL
campo de control de longitud fija ta
008 - DATOS DE LONGITUD FIJA--INFORMACIÓN GENERAL
campo de control de longitud fija 110211s2012 dr 001 0 spa d
040 ## - FUENTE DE LA CATALOGACIÓN
Centro catalogador/agencia de origen DO-SdBNP
Lengua de catalogación spa
Centro/agencia transcriptor BNPHU
082 #4 - NÚMERO DE LA CLASIFICACIÓN DECIMAL DEWEY
Número de clasificación 323.3231
Número de documento/Ítem I61p, 2012
Número de edición 22
110 1# - ENTRADA PRINCIPAL--NOMBRE DE ENTIDAD CORPORATIVA
Nombre de entidad corporativa o nombre de jurisdicción como elemento de entrada Coloquio "Los intelectuales y el poder II"
Fecha del congreso/reunión o de la firma de un tratado (2011, jun. :
Sede del congreso/Lugar de la reunión Santo Domingo)
9 (RLIN) 64857
245 14 - MENCIÓN DE TÍTULO
Título Los intelectuales y el poder II /
Mención de responsabilidad, etc. editor Diógenes Céspedes.
260 ## - PUBLICACIÓN, DISTRIBUCIÓN, ETC.
Lugar de publicación, distribución, etc. Santo Domingo :
Nombre del editor, distribuidor, etc. UNAPEC,
Fecha de publicación, distribución, etc. 2012.
300 ## - DESCRIPCIÓN FÍSICA
Extensión 143 p. ;
Dimensiones 20 cm.
500 ## - NOTA GENERAL
Nota general Incluye referencias bibliográficas y notas al pie de páginas.
505 0# - NOTA DE CONTENIDO CON FORMATO
Nota de contenido con formato Palabras del rector /
Mención de responsabilidad Carlos Sangiovanni --
Título Introducción --
Mención de responsabilidad Diógenes Céspedes --
Información miscelánea Ponencias:
Título El discurso de la palabra encadena (A propósito de un discurso de Juan Bosch a favor de Trujillo) /
Mención de responsabilidad Manuel Matos Moquete --
Título La intelectualidad al servicio de la tiranía /
Mención de responsabilidad Miguel Guerrero --
Título El intelectual y el poder en la era del cibermundo /
Mención de responsabilidad Andrés Merejo --
Título La seducción del escritor marginal y otros rituales del poder /
Mención de responsabilidad Pastor de Moya --
Título El intelectual y el poder: reflexiones desde el poder /
Mención de responsabilidad Marcos Villamán --
Título Semblazas.
590 ## - NOTA LOCAL (RLIN)
Nota local Inventariado, 2018/BT
650 #4 - PUNTO DE ACCESO ADICIONAL DE MATERIA--TÉRMINO DE MATERIA
Término de materia o nombre geográfico como elemento de entrada Intelectuales
Subdivisión general Actividad política
Subdivisión geográfica República Dominicana
Subdivisión general Congresos, conferencias, etc.
9 (RLIN) 20468
650 #4 - PUNTO DE ACCESO ADICIONAL DE MATERIA--TÉRMINO DE MATERIA
Término de materia o nombre geográfico como elemento de entrada Poder político
Subdivisión general Congresos, conferencias, etc.
9 (RLIN) 20469
651 #4 - PUNTO DE ACCESO ADICIONAL DE MATERIA--NOMBRE GEOGRÁFICO
Nombre geográfico República Dominicana
Subdivisión general Vida intelectual
-- Congresos, conferencias, etc.
9 (RLIN) 20470
651 #4 - PUNTO DE ACCESO ADICIONAL DE MATERIA--NOMBRE GEOGRÁFICO
Nombre geográfico República Dominicana
Subdivisión general Política y gobierno
-- Congresos, conferencias, etc.
9 (RLIN) 13070
700 1# - PUNTO DE ACCESO ADICIONAL--NOMBRE DE PERSONA
Nombre de persona Céspedes, Diógenes,
Fechas asociadas al nombre 1941-
Término indicativo de función/relación ed.
9 (RLIN) 20548
910 ## - DATOS DE OPCIÓN DEL USUARIO (OCLC)
Datos de opción del usuario Validado. Control de calidad. EMS
942 ## - ELEMENTOS DE PUNTO DE ACCESO ADICIONAL (KOHA)
Fuente del sistema de clasificación o colocación Dewey Decimal Classification
Tipo de ítem Koha Libro
Holdings
Estado de retiro Estado de pérdida Fuente del sistema de clasificación o colocación Restricciones de uso No para préstamo Código de colección Localización permanente Ubicación/localización actual Ubicación en estantería Fecha de adquisición Total de préstamos Signatura topográfica completa Código de barras Fecha visto por última vez Número de copia Precio válido a partir de Tipo de ítem Koha
    Dewey Decimal Classification Préstamo en sala   Dominicana de Servicio Biblioteca Nacional Pedro Henríquez Ureña Biblioteca Nacional Pedro Henríquez Ureña Depósito 12.04.2013   BNPHU DS 323.3231 I61p 2012 38505-30 25.06.2020 e.3 25.06.2020 Libro
    Dewey Decimal Classification Préstamo restringido   Patrimonio Dominicano Biblioteca Nacional Pedro Henríquez Ureña Biblioteca Nacional Pedro Henríquez Ureña Depósito 12.04.2013   BNPHU PD 323.3231 I61p 2012 38505-10 25.06.2020   25.06.2020 Libro
    Dewey Decimal Classification Préstamo restringido   Patrimonio Dominicano Biblioteca Nacional Pedro Henríquez Ureña Biblioteca Nacional Pedro Henríquez Ureña Depósito 12.04.2013   BNPHU PD 323.3231 I61p 2012 38505-20 25.06.2020 e.2 25.06.2020 Libro

Powered by Koha